Coldest NFL Games - Statistics

General Stats
  • This quiz has been taken 33 times
  • The average score is 4 of 5
Answer Stats
Temp(°F) Year Away Team Home Team % Correct
-13 1967 Cowboys Packers
97%
-4 2008 Giants Packers
97%
-6 2016 Seahawks Vikings
90%
-2 1972 Bears Vikings
90%
-9 1982 Chargers Bengals
66%
No matching quizzes found
Score Distribution
Percent of People with Each Score
Percentile by Number Answered
Your Score History
You have not taken this quiz